Statystyki dla Policz jak najwięcej w 25 sekund

Kliknij tutaj aby rozwiązać quiz!

Ogólne statystyki

  • Ten quiz został rozwiązany 804 razy
  • Średni wynik to 36 z 100

Statystyki odpowiedzi

Liczby% Poprawnych
1
100%
2
99%
3
99%
5
99%
4
98%
6
98%
7
98%
8
98%
9
97%
12
93%
10
92%
11
92%
13
91%
14
89%
15
89%
16
89%
17
86%
18
85%
19
84%
21
82%
20
81%
22
80%
23
78%
24
75%
25
74%
26
71%
27
71%
28
68%
29
66%
30
63%
31
61%
32
58%
33
56%
34
53%
35
49%
36
46%
37
44%
38
42%
39
40%
40
35%
41
33%
42
31%
43
30%
44
29%
45
25%
46
23%
47
20%
48
20%
49
18%
50
16%
51
15%
53
15%
54
14%
55
14%
52
13%
56
13%
57
10%
58
10%
64
10%
59
8%
61
8%
63
8%
60
7%
62
7%
66
7%
67
7%
100
6%
65
6%
93
6%
99
6%
68
5%
71
5%
72
5%
73
5%
74
5%
78
5%
69
4%
70
4%
77
4%
89
4%
91
4%
92
4%
98
4%
75
3%
81
3%
83
3%
88
3%
90
3%
94
3%
95
3%
96
3%
97
3%
76
2%
79
2%
80
2%
82
2%
86
2%
84
1%
85
1%
87
1%

Rozkład punktacji

Percentyl według liczby udzielonych odpowiedzi

Procent ludzi z każdym wynikiem

Twoja historia wyników

Nie rozwiązałeś tego quizu